000 00349nam a2200133Ia 4500
008 220217s9999||||xx |||||||||||||| ||und||
020 _a0-201-48518-4
082 _a005.133 STR
100 _aLippman, Stanley, B
_91349
245 0 _aEssential C++
260 _aAddison Wesley
_bHarlow
_c2000
300 _b235
650 _aPROGRAMMING LANGUAGE
999 _c166248
_d166248